Análisis químico de suelos y aguas. Manual de laboratorio
Uloženo v:
| Hlavní autoři: | , , |
|---|---|
| Médium: | Kniha |
| Jazyk: | španělština |
| Vydáno: |
Valencia
Universidad Politécnica de Valencia
2002
|
| Témata: | |
| Tagy: |
Přidat tag
Žádné tagy, Buďte první, kdo vytvoří štítek k tomuto záznamu!
|
MARC
| LEADER | 00000nam a2200000 a 4500 | ||
|---|---|---|---|
| 001 | UCI2412 | ||
| 003 | CL-VaPUC | ||
| 008 | 070824e20020000SP |||||||||||||||||spa|d | ||
| 020 | |a 8497052420 | ||
| 082 | 0 | 4 | |a 631.4 |b MAR |2 21 |
| 100 | |a Marín García, María Luisa |e autora |9 523439 | ||
| 700 | 0 | |a Aragón Revuelta, Pilar |e author |9 523440 | |
| 700 | 0 | |a Gómez Benito, Carmen |e author |9 523441 | |
| 245 | 1 | 0 | |a Análisis químico de suelos y aguas. Manual de laboratorio |
| 300 | |a 168 p | ||
| 942 | |c BK | ||
| 945 | |d 20070824 00:00:00 |a rbrito | ||
| 260 | |a Valencia |b Universidad Politécnica de Valencia |c 2002 | ||
| 650 | 0 | |a Análisis de suelos |9 524831 | |
| 650 | 7 | |a EDAFOLOGIA |2 CL-VaPUC |9 523442 | |
| 650 | 0 | |a Suelos |9 260322 | |
| 650 | 0 | |a Agua |9 257149 | |
| 650 | 0 | |a Hidrología |9 261396 | |
| 650 | 0 | |a Análisis químico |9 344456 | |
| 650 | 7 | |a FOTOMETRIA |2 CL-VaPUC |9 266495 | |
| 650 | 7 | |a SALINIDAD |2 CL-VaPUC |9 263023 | |
| 583 | |a last modification |c 20070824 00:00:00 |k Rodrigo Vera | ||
| 999 | |c 326996 |d 326994 | ||
| 952 | |0 0 |1 0 |4 0 |6 631_400000000000000_MAR_2002 |7 0 |8 A |9 409333 |a BIBAGR |b BIBAGR |d 2019-11-22 |i 4338138 |o 631.4 MAR 2002 |p 4338138 |r 2025-01-20 |w 2019-11-22 |y BK |k AGR | ||